Transport phenomena fundamentals / (Record no. 22882)
[ view plain ]
| 000 -LEADER | |
|---|---|
| fixed length control field | 01089cam a22003255a 4500 |
| 001 - CONTROL NUMBER | |
| control field | 17992509 |
| 005 - DATE AND TIME OF LATEST TRANSACTION | |
| control field | 20161027121605.0 |
| 008 - FIXED-LENGTH DATA ELEMENTS--GENERAL INFORMATION | |
| fixed length control field | 140109s2014 flua b 001 0 eng |
| 010 ## - LIBRARY OF CONGRESS CONTROL NUMBER | |
| LC control number | 2013046970 |
| 020 ## - INTERNATIONAL STANDARD BOOK NUMBER | |
| International Standard Book Number | 9781466555334 (hardback : acid-free paper) |
| 020 ## - INTERNATIONAL STANDARD BOOK NUMBER | |
| International Standard Book Number | 1466555335 (hardback : acid-free paper) |
| 040 ## - CATALOGING SOURCE | |
| Original cataloging agency | DLC |
| Language of cataloging | eng |
| Transcribing agency | DLC |
| Modifying agency | EG-ScBUE |
| 042 ## - AUTHENTICATION CODE | |
| Authentication code | pcc |
| 082 04 - DEWEY DECIMAL CLASSIFICATION NUMBER | |
| Edition number | 22 |
| Classification number | 660.2842 |
| Item number | PLA |
| 100 1# - MAIN ENTRY--PERSONAL NAME | |
| Personal name | Plawsky, Joel L., |
| Dates associated with a name | 1957- |
| 9 (RLIN) | 41628 |
| 245 10 - TITLE STATEMENT | |
| Title | Transport phenomena fundamentals / |
| Statement of responsibility, etc | Joel L. Plawsky. |
| 250 ## - EDITION STATEMENT | |
| Edition statement | 3rd ed. |
| 260 ## - PUBLICATION, DISTRIBUTION, ETC. (IMPRINT) | |
| Place of publication, distribution, etc | Boca Raton, Florida : |
| Name of publisher, distributor, etc | CRC Press, |
| Date of publication, distribution, etc | c.2014. |
| 300 ## - PHYSICAL DESCRIPTION | |
| Extent | 816 p. : |
| Other physical details | ill. ; |
| Dimensions | 26 cm. |
| 490 #0 - Series Statement | |
| Series statement | Chemical industries ; |
| Volume/sequential designation | 138 |
| 500 ## - GENERAL NOTE | |
| General note | Index : p. 799-816. |
| 504 ## - BIBLIOGRAPHY, ETC. NOTE | |
| Bibliography, etc | Includes bibliographical references. |
| 590 ## - LOCAL NOTE (RLIN) | |
| Local note | Wessam |
| 650 #7 - SUBJECT ADDED ENTRY--TOPICAL TERM | |
| Topical term or geographic name as entry element | Transport theory. |
| Source of heading or term | BUEsh |
| 9 (RLIN) | 4431 |
| 651 ## - SUBJECT ADDED ENTRY--GEOGRAPHIC NAME | |
| Source of heading or term | BUEsh |
| 653 ## - INDEX TERM--UNCONTROLLED | |
| Resource For college | Engineering, Chemical |
| Arrived date list | October2016 |
| 653 ## - INDEX TERM--UNCONTROLLED | |
| Resource For college | Engineering, General |
| Arrived date list | October2016 |
| 856 42 - ELECTRONIC LOCATION AND ACCESS | |
| Materials specified | Cover image |
| Uniform Resource Identifier | <a href="http://images.tandf.co.uk/common/jackets/websmall/978146655/9781466555334.jpg">http://images.tandf.co.uk/common/jackets/websmall/978146655/9781466555334.jpg</a> |
| 942 ## - ADDED ENTRY ELEMENTS (KOHA) | |
| Source of classification or shelving scheme | Dewey Decimal Classification |
| Edition | 22 |
| Call number prefix | 660.2842 PLA |
| Withdrawn status | Item status | Source of classification or shelving scheme | Damaged status | Not for loan | Vendor | Home library | Current library | Shelving location | Date acquired | Source of acquisition | Cost, normal purchase price | Serial Enumeration / chronology | Total Checkouts | Full call number | Barcode | Date last seen | Cost, replacement price | Koha item type |
|---|---|---|---|---|---|---|---|---|---|---|---|---|---|---|---|---|---|---|
| Dewey Decimal Classification | Baccah | Central Library | Central Library | First floor | 27/10/2016 | Purchase | 504.00 | 3652 | 660.2842 PLA | 000034473 | 15/07/2025 | 630.00 | Book - Borrowing |